| 000 | 00908nam a2200241Ia 4500 | ||
|---|---|---|---|
| 999 |
_c64364 _d64364 |
||
| 005 | 20240530110727.0 | ||
| 008 | 140319s2002 ua g b 000 0 ara d | ||
| 017 |
_a3633 _bمصر. دار الكتب |
||
| 020 | _a9775156490 | ||
| 040 |
_aGCL / _cGCL |
||
| 082 | 0 | 4 |
_a020 / _bم أ _221 |
| 100 | 0 | _aمحمد فتحى عبدالهادى | |
| 245 | 1 | 0 |
_aاتجاهات حديثة فى المكتبات والمعلومات / _cمحمد فتحى عبدالهادى |
| 260 |
_aالقاهرة : _bدار غريب للطباعة والنشر والتوزيع، _c2002. |
||
| 300 |
_a171 ص. ؛ _c24 سم. |
||
| 504 | _aيشتمل على ارجاعات ببليوجرافية | ||
| 650 | 0 | 7 |
_aالفهرسة الموضوعية _2qrmak |
| 650 | 0 | 7 |
_aالفهرسة _2qrmak |
| 650 | 0 | 7 |
_aالفهرسة الوصفية _2qrmak |
| 650 | 0 | 7 |
_aالمكتبات، علم _2qrmak |
| 651 | _2qrmak | ||
| 942 |
_2ddc _cBK |
||